000 00581nam a2200229 a 4500
001 nice12345678
003 IN_TiNIC
005 20260116011341.0
008 050524s1953 dela grp 000 0 urd
020 _a
_c0.37
082 0 0 _a297.64
_bBUL
100 _aBuland Shahri, Mohammad Aashiq Ilah
245 _aAhaab-Us-Sufa
260 _aDelhi
_bIdara-I-Adabiyat-I-Dilli
_c1953
300 _a48p
500 _aincludes index and biblioraphy
505 2 _aPlus Some Other Tracts
650 _aMuhammad, Prophet-Companions
902 _bSRS
942 _cBK
999 _c750
_d750